Los medios de destrucción (Registro nro. 163479)

Detalles MARC
000 -LEADER
campo de control de longitud fija 00944nam a22002535i 4500
001 - NÚMERO DE CONTROL
campo de control 163479
003 - IDENTIFICADOR DE NÚMERO DE CONTROL
campo de control ES-MaACL
005 - FECHA Y HORA DE LA ÚLTIMA TRANSACCIÓN
campo de control 20230906212740.0
008 - DATOS DE LONGITUD FIJA--INFORMACIÓN GENERAL
campo de control de longitud fija 960513s18801890sp a |||| | spa d
040 ## - FUENTE DE CATALOGACIÓN
Centro catalogador/agencia de origen CLM
Lengua de catalogación spa
Centro/agencia transcriptor CLM
080 ## - NÚMERO DE LA CLASIFICACIÓN DECIMAL UNIVERSAL
Número de la Clasificación Decimal Universal 623.4(091)
100 1# - ENTRADA PRINCIPAL--NOMBRE DE PERSONA
Nombre de persona Ribot y March, Genaro.
9 (RLIN) 96842
245 14 - MENCIÓN DEL TÍTULO
Título Los medios de destrucción
Resto del título : reseña histórica semi-original /
Mención de responsabilidad, etc. por D. Genaro Ribot y March.
260 ## - PUBLICACIÓN, DISTRIBUCIÓN, ETC.
Lugar de publicación, distribución, etc. Madrid :
Nombre del editor, distribuidor, etc. Imprenta de Gaspar Editores,
Fecha de publicación, distribución, etc. [s.a.]
300 ## - DESCRIPCIÓN FÍSICA
Extensión 186 p. : il. ;
Dimensiones 18 cm.
490 1# - MENCIÓN DE SERIE
Mención de serie Biblioteca científica recreativa ;
Designación de volumen o secuencia 3
596 ## - NOTA AL PIE DE IMPRENTA
NOTA AL PIE DE IMPRENTA Otros vols. de la misma colección fechados entre 1880-1890.
597 ## - NOTA DE DESCRIPCIÓN FÍSICA
NOTA DE DESCRIPCIÓN FÍSICA Antep.
599 ## - NOTA A LAS ILUSTRACIONES
NOTA A LAS ILUSTRACIONES Ilustraciones calc.
650 #4 - PUNTO DE ACCESO ADICIONAL DE MATERIA--TÉRMINO DE MATERIA
Término de materia o nombre geográfico como elemento de entrada Armamento-
Subdivisión general Historia.
9 (RLIN) 147245
830 0# - PUNTO DE ACCESO ADICIONAL DE SERIE-TÍTULO UNIFORME
Título uniforme Biblioteca científica recreativa ;
Designación de volumen o secuencia 3
9 (RLIN) 187913
852 ## - LOCALIZACIÓN
Ubicación ES-MaACL
Número de control de estantería D-713
Nota libre -- Enc. hol. conservando la cub. original
condición física -- Falta desde la pag. 176 al final
Existencias
Estatus retirado Estado de pérdida Estado de daño No para préstamo Biblioteca de origen Biblioteca actual Ubicación en estantería Fecha de adquisición Fuente de adquisición Total de préstamos Signatura topográfica completa Código de barras Visto por última vez Precio de reemplazo Tipo de ítem Koha
        Biblioteca del Ateneo de Madrid Biblioteca del Ateneo de Madrid Sala Valle Inclán 17/01/2008     D-713 901171310 23/02/2023 23/02/2023 Libro impreso